| 000 | 01486ngm a22004330a 4500 | ||
|---|---|---|---|
| 001 | PT15496 | ||
| 003 | AR-LpoUNG | ||
| 005 | 20210202000146.0 | ||
| 007 | vd cvaizq | ||
| 008 | 191001s1989||||ag |||||||||||||||||spa d | ||
| 037 | _c$13.33 | ||
| 040 |
_aAR-LpoUNG _bspa _cAR-LpoUNG _eaacr |
||
| 041 | _aspa | ||
| 044 | _aag | ||
| 082 | 0 | _a982.064 129el | |
| 100 | 1 |
_aWagner, Frieder _edir. |
|
| 245 | 1 | 0 | _aElisabeth |
| 260 |
_aBuenos Aires : _bBlackman, _c[1989]. |
||
| 300 | _aVHS (45 min.) : son., col. | ||
| 505 | 0 | _aArgumento: Osvaldo Bayer ; música: Elvira Ochoa ; producción: Klaus Liebe. | |
| 520 | _aElisabeth Käsemann fue secuestrada entre el 8 y el 9 de marzo de 1977 en Buenos Aires. Fue conducida a un cuartel militar en Palermo y luego al centro clandestino de detención El Vesubio. La joven vivía en Argentina desde 1968, cuando vino para hacer su tesis de sociología; pero había nacido en Gelsenkirchen, al oeste de Alemania. Films realizado para la televisión alemana. | ||
| 650 | 4 | _aARGENTINA | |
| 650 | 4 | _aAUTORITARISMO | |
| 650 | 4 | _aDELITOS | |
| 650 | 4 | _aDESARROLLO POLITICO | |
| 650 | 4 | _aDICTADURA | |
| 650 | 4 | _aDICTADURA | |
| 650 | 4 | _aGENOCIDIO | |
| 650 | 4 | _aGOBIERNO MILITAR | |
| 650 | 4 | _aHISTORIA | |
| 650 | 4 | _aPOLITICA | |
| 650 | 4 | _aSISTEMAS POLITICOS | |
| 650 | 4 | _aTORTURA | |
| 653 | _aDOCUMENTALES | ||
| 653 | _aVIDEOS | ||
| 710 | 2 | _aWest Deustsche Rundfunk (Colonia, Alemania) | |
| 905 | _a15496 | ||
| 942 | _cVIDEO | ||
| 999 |
_c54226 _d54226 |
||